000 00620nam a2200229Ia 4500
005 20260320201911.0
008 008 262003s9999 xx 000 0 eng d
037 _aEBOOK
040 _aCRL
040 _beng
040 _cCRL
041 _2eng
041 _aeng
084 _qCRL
100 _aMathieu
_91136253
245 0 _aMastering AWS Security: Strengthen your cloud environment using AWS security features coupled with proven strategies
260 _bIEEE
856 _uhttps://ieeexplore.ieee.org/servlet/opac?bknumber=10522546
942 _cEBOOK
999 _c1724173
_d1724173